Statistics for TNA Impact Wrestling Champions by Year - 2020

Click here to take the quiz!

General Stats

  • This quiz has been taken 39 times
  • The average score is 13 of 18

Answer Stats

DateEventWrestler% Correct
October 24Bound for GloryRich Swann
93%
July 18SlammiversaryDeonna Purrazzo
90%
November 14Turning PointDeonna Purrazzo
90%
November 14Turning PointDoc Gallows
90%
July 18SlammiversaryEddie Edwards
90%
November 14Turning PointKarl Anderson
90%
September 1ImpactEric Young
86%
October 24Bound for GloryJosh Alexander
83%
January 12Hard to KillTessa Blanchard
79%
October 24Bound for GloryEthan Page
76%
October 24Bound for GlorySu Yung
62%
July 18SlammiversaryChris Bey
59%
February 11ImpactJordynne Grace
59%
December 12Final ResolutionManik
59%
August 18Impact: EmergenceRohit Raju
59%
April 21Impact: RebellionWillie Mack
59%
July 21ImpactAlex Shelley
52%
July 21ImpactChris Sabin
52%

Score Distribution

Percentile by Number Answered

Percent of People with Each Score

Your Score History

You have not taken this quiz